All Mudvayne Songs [2026] - Statistics

General Stats
  • This quiz has been taken 7 times
  • The average score is 30 of 78
Answer Stats
Answers % Correct
-1
80%
Dig
80%
Forget To Remember
80%
Happy?
80%
A Key to Nothing
60%
Central Disposal
60%
Coal
60%
Cradle
60%
Cultivate
60%
Death Blooms
60%
Determined
60%
Do What You Do
60%
Dull Boy
60%
Everything And Nothing
60%
Fall Into Sleep
60%
Golden Ratio
60%
I.D.I.O.T.
60%
Internal Primates Forever
60%
Just
60%
(k)now F(orever)
60%
Lethal Dosage
60%
Monolith
60%
Mutatis Mutandis
60%
Not Falling
60%
Nothing To Gein
60%
Pharmaecopia
60%
Poop Loser
60%
Prod
60%
Recombinant Resurgence
60%
Seed
60%
Severed
60%
Silenced
60%
Some Assembly Required
60%
Under My Skin
60%
World So Cold
60%
L.D. 50 (2001 Reissue Bonus Track)
40%
Mercy, Severity
40%
The End of All Things to Come
40%
The Patient Mental
40%
1000 Mile Journey
20%
A Cinderella Story
20%
All Talk
20%
All That You Are
20%
A New Game
20%
Beautiful and Strange
20%
Beyond the Pale
20%
Burn the Bridge
20%
Choices
20%
Closer
20%
Dead Inside
20%
Fear
20%
Fish Out of Water
20%
Goodbye
20%
Heard It All Before
20%
Hurt People Hurt People
20%
I Can't Wait
20%
IMN
20%
King of Pain
20%
On The Move
20%
(Per)Version of a Truth
20%
Pulling the String
20%
Same Ol'
20%
Scarlet Letters
20%
Scream With Me
20%
Shadow of a Man
20%
Skrying
20%
Small Silhouette
20%
Solve et Coagula
20%
Sticks and Stones
20%
The Hate In Me
20%
Trapped in the Wake of a Dream
20%
TV Radio
20%
We The People
20%
Have It Your Way
0%
Never Enough
0%
Out to Pasture
0%
Pushing Through
0%
Rain. Sun. Gone.
0%
No matching quizzes found
Score Distribution
Percent of People with Each Score
Percentile by Number Answered
Your Score History
You have not taken this quiz